Multiculturalismo y pueblos indígenas: reflexiones a partir del caso de Guatemala /
El documento expone ideas y reflexiones sobre la acción de grupos étnicos diferentes a la tradición mestiza que han sido parte de la diversidad étnico-cultural presente en Cetroamérica, pero que pese a haber permanecido oculta, genera acciones políticas actualmente. Desde el caso de Guatemala, se re...
Spremljeno u:
| Glavni autor: | |
|---|---|
| Daljnji autori: | |
| Format: | Tekst |
| Teme: | |
| Oznake: |
Dodaj oznaku
Bez oznaka, Budi prvi tko označuje ovaj zapis!
|
MARC
| LEADER | 00000 a a2200000 04500 | ||
|---|---|---|---|
| 001 | 14194 | ||
| 003 | |||
| 040 | |||
| 100 | |a Bastos, Santiago | ||
| 245 | |a Multiculturalismo y pueblos indígenas: |b reflexiones a partir del caso de Guatemala / |c Santiago Bastos | ||
| 520 | |a El documento expone ideas y reflexiones sobre la acción de grupos étnicos diferentes a la tradición mestiza que han sido parte de la diversidad étnico-cultural presente en Cetroamérica, pero que pese a haber permanecido oculta, genera acciones políticas actualmente. Desde el caso de Guatemala, se realiza un acercamiento histórico, se plantean las diferencias existentes entre grupos. A partir del reconocimiento de esta diversidad, se caracterizan esto movimientos. Finalmente se presenta la dimensión política de la multiculturalidad centroamericana respecto al poder, la desigualdad y los derechos |a se concluye con la opinión i posición de los autores al respecto | ||
| 650 | |a PLURALISMO CULTURAL | ||
| 650 | |a CAMBIO CULTURAL | ||
| 650 | |a POBLACION INDIGENA | ||
| 650 | |a GRUPOS ETNICOS | ||
| 650 | |a POLITICA CULTURAL | ||
| 650 | |a GUATEMALA | ||
| 650 | |a AMERICA CENTRAL | ||
| 700 | |a Camus, Manuela | ||
| 773 | |g volumen 1, número 1; páginas 87-112 | ||
| 999 | |c 26365 |d 26365 | ||
